Logo CIB grande

TERMODINAMICA (Registro nro. 231447)

Detalles MARC
000 -LEADER
campo de control de longitud fija 00629nam a2200241Ia 4500
005 - FECHA Y HORA DE LA ÚLTIMA TRANSACCIÓN
campo de control 20250425162539.0
008 - DATOS DE LONGITUD FIJA--INFORMACIÓN GENERAL
campo de control de longitud fija 250425s9999 xx 000 0 und d
020 ## - NÚMERO INTERNACIONAL ESTÁNDAR DEL LIBRO
Número Internacional Estándar del Libro 9786071507433
041 ## - CÓDIGO DE IDIOMA
Código de lengua del texto/banda sonora o título independiente spa
043 ## - CÓDIGO DE ÁREA GEOGRÁFICA
Código de área geográfica mx
082 ## - NÚMERO DE LA CLASIFICACIÓN DECIMAL DEWEY
Número de clasificación 621.4021
010 ## - NÚMERO DE CONTROL DE LA BIBLIOTECA DEL CONGRESO
Número de control de LC 84634
100 ## - ENTRADA PRINCIPAL--NOMBRE DE PERSONA
Nombre de persona CENGEL, YUNUS A.
245 #0 - MENCIÓN DEL TÍTULO
Título TERMODINAMICA
250 ## - MENCION DE EDICION
Mención de edición 7A ED.
260 ## - PUBLICACIÓN, DISTRIBUCIÓN, ETC.
Lugar de publicación, distribución, etc. MEXICO
260 ## - PUBLICACIÓN, DISTRIBUCIÓN, ETC.
Lugar de publicación, distribución, etc. México
Nombre del editor, distribuidor, etc. MCGRAW-HILL
Fecha de publicación, distribución, etc. 2012
300 ## - DESCRIPCIÓN FÍSICA
Extensión 1009
500 ## - NOTA GENERAL
Nota general Título Traducido: THERMODYNAMICS: AN ENGINEERING APPROACH
650 ## - PUNTO DE ACCESO ADICIONAL DE MATERIA--TÉRMINO DE MATERIA
Término de materia o nombre geográfico como elemento de entrada TERMODINAMICA
700 ## - ENTRADA AGREGADA--NOMBRE PERSONAL
Nombre de persona VIRGILIO GONZALEZ Y POZO; SERGIO SARMIENTO ORTEGA
Término indicativo de función/relación traductor
942 ## - ELEMENTOS DE ENTRADA SECUNDARIOS (KOHA)
Tipo de ítem Koha Libros
Existencias
Estatus retirado Estado de pérdida Fuente de la clasificación o esquema de estantería Estado de daño No para préstamo Biblioteca de origen Biblioteca actual Fecha de adquisición Coste, precio normal de compra Etiqueta RFID Total de préstamos Signatura topográfica completa Código de barras Visto por última vez Fecha del último préstamo Copia número Tipo de ítem Koha Nota pública Ubicación en estantería Total de renovaciones
    Clasificación Decimal Dewey     CENTRO DE INFORMACIÓN BIBLIOTECARIA CENTRO DE INFORMACIÓN BIBLIOTECARIA 15/08/2013 65.00 0000000000000000036736 3 621.4021 61273 21/01/2026 15/10/2025 8 Libros FICT. ESPOL    
          CENTRO DE INFORMACIÓN BIBLIOTECARIA CENTRO DE INFORMACIÓN BIBLIOTECARIA 11/02/2014 69.00 0000000000000000015215 15   57086 18/11/2025 18/11/2025 4 Libros     2
          FACULTAD DE INGENIERIA MECANICA Y CIENCIAS DE LA PRODUCCION FACULTAD DE INGENIERIA MECANICA Y CIENCIAS DE LA PRODUCCION 22/08/2013 89.00   1   50642 27/08/2025 27/08/2025 1 Libros      
          FACULTAD DE INGENIERIA MECANICA Y CIENCIAS DE LA PRODUCCION FACULTAD DE INGENIERIA MECANICA Y CIENCIAS DE LA PRODUCCION 22/08/2013 89.00   1   50643 27/08/2025 27/08/2025 2 Libros      
          FACULTAD DE INGENIERIA MECANICA Y CIENCIAS DE LA PRODUCCION FACULTAD DE INGENIERIA MECANICA Y CIENCIAS DE LA PRODUCCION 22/08/2013 89.00   4   50644 11/12/2025 03/12/2025 3 Libros      

Copyright 2025 ESPOL. Todos los derechos reservados.